00646nam a2200145 a 450000100100000000500170001000800410002704000250006808200160009324501640010926000760027330000200034995201140036999900170048300003189020200930063247.0110707s2006 dr 000 0 spa d aDO-SdBNPbspacBNPHU a382.9bN38400aNegociación del Tratado de Libre Comercio entre República Dominicana, Estados Unidos y Centroamérica :binforme del TLC entre RD, E.U. y Centroamérica. aSanto Domingo :bSecretaría de Estado de Industria y Comercio,c2006. a12 p. ;c27 cm. 0010718PDaPDbPDcCTd2011-07-07iLF1l0o382.9 N384p31890-10r2020-06-25w2020-06-25yLFPDZNo se presta c31381d31381